ON AN ACCURACY OF CHANGE POINTS

Bibliographic Details
Main Author: Kubáček, Lubomír, 1931-2026 (Author)
Format: Article
Language:English

MARC

LEADER 00000nab a2200000uu 4500
001 vtls011450697
003 SK-MaSNL
005 20260327153025.0
008 230222|2002 xo |||||||||||||||||eng|
015 |a SNBRB 
035 |a (urnnbn)urn:nbn:sk:snk:ar-006jxh 
035 |a (uuid)b7efd62f-e111-4fad-a85e-b89882b68d21 
035 |a urn:nbn:sk:snk-abcmts 
040 |a SNKBUCL  |b slo  |c SNKBUCL  |e AACR2 
041 0 |a eng 
044 |a xo  |c SK 
100 1 |a Kubáček, Lubomír,  |d 1931-2026  |4 aut  |9 1635769 
245 1 0 |a ON AN ACCURACY OF CHANGE POINTS  |c Lubomír Kubáček 
773 0 |t Mathematica Slovaca  |g Roč. 52, č. 4 (2002), s. 469-484 
958 |a OND 
958 |a EUIPO 
958 |a article16 
999 |c 2017004  |d 2018934